• 首页
  • 本馆介绍
  • 公告通知
  • 最新文献
  • 馆藏检索
  • 电子资源
  • 读者导购
  • 参考咨询
  • 我的图书馆
  • 登录
  • 详细信息显示
  • 放入我的书架
  • 预约/预借图书
  • 作者相关作品
  • 分类相关作品
  • 丛书相关作品
  • 出版社相关作品

书目信息

  • 表格格式
  • 工作单格式
  • 卡片格式
题名:
重建中国社会学
    
 
作者: 周晓虹 主编
分册:  
出版信息: 北京   商务印书馆  2021.05
页数: 1138页
开本: 24cm
丛书名: 新中国人物群像口述史
单 册:
中图分类: C91
科图分类:
主题词: 社会学
电子资源:
ISBN: 978-7-100-19489-1
000 00676nam0 2200205 450
001 2556196337
005 20251215153709.38
010    @a978-7-100-19489-1@dCNY296.00
100    @a20240905d2021 km y0chiy0120 ea
101 0  @achi
200 1  @a重建中国社会学@AChong Jian Zhong Guo She Hui Xue@e40位社会学家口述实录:1979-2019@f周晓虹主编@FZhou Xiao Hong Zhu Bian
210    @a北京@c商务印书馆@d2021.05
215    @a1138页@d24cm
225 2  @a新中国人物群像口述史
410  0 @12001 @a新中国人物群像口述史
606 0  @a社会学
690    @aC91@v4
701  0 @a周晓虹@AZhou Xiao Hong@4主编
801  0 @aCN@b大连网信软件有限公司图书馆·11@c20251215
905    @aZUCC@b1057490@dC91@e2172
    
    重建中国社会学:40位社会学家口述实录:1979-2019/周晓虹主编.-北京:商务印书馆,2021.05
    1138页;24cm.-(新中国人物群像口述史)
    
    
    ISBN 978-7-100-19489-1:CNY296.00
    
●
相关链接 在E读中查询图书 在五车中查询图书 在当当中查询图书 在豆瓣中查询图书


正题名:重建中国社会学     索取号:C91/2172         预约/预借

序号 登录号 条形码 馆藏地/架位号 状态 备注
1 1057496   210574966   第一样本阅览室/ [索取号:C91/2172] 在馆    
唐山师范学院图书馆 欢迎您!
大连网信软件有限公司© 版权所有